000 00284nam a2200121Ia 4500
008 190216s9999||||xx |||||||||||||| ||und||
100 _aLall Nigam
245 0 _aBanking Law And Practice
260 _bVani Educational Books
_c1985
300 _a590p
650 _aCommerce
942 _cBK
999 _c5017
_d5017